Jakiego pochodzenia są ci piłkarze? - Statystyki

Ogólne statystyki
  • Ten quiz został rozwiązany 222 razy
  • Średni wynik to 9 z 25
Statystyki odpowiedzi
Piłkarz Kraj % Poprawnych
Raphael Guerreiro Francja
92%
Zinedine Zidane Algieria
63%
Paulo Dybala Polska
60%
Diego Costa Brazylia
56%
Antoine Griezmann Niemcy
56%
Hugo Lloris Hiszpania
54%
Mesut Ozil Turcja
51%
Kylian Mbappe Kamerun
48%
Benjamin Mendy Senegal
46%
Vincent Kompany Demokratyczna Republika Konga
38%
Raheem Sterling Jamajka
37%
N'Golo Kante Mali
36%
Paul Pogba Gwinea
33%
Eduardo Camavinga Angola
24%
Granit Xhaka Kosowo
23%
Corentin Tolliso Togo
23%
Eusebio Mozambik
22%
Virgil van Dijk Surinam
22%
Bernd Leno Rosja
21%
Alphonso Davies Liberia
20%
Eder Gwinea Bissau
15%
Antonio Rudiger Sierra Leone
15%
Alphonse Areola Filipiny
14%
Nani Republika Zielonego Przylądka
14%
Kingsley Coman Gwadelupa
6%
Nie znaleziono quizów pasujących do podanych kryteriów
Rozkład punktacji
Procent ludzi z każdym wynikiem
Percentyl według liczby udzielonych odpowiedzi
Twoja historia wyników
Nie rozwiązałeś tego quizu